000 00345nam a22001337a 4500
008 230406b |||||||| |||| 00| 0 eng d
020 _a978-0-89803-172-0
082 _a171.7
100 _aTom G. Palmer
245 _aWhy liberty;
_byour life, your choices, your future
260 _bJameson Books,
_c2013
300 _a143 p.
_c20cm
942 _2ddc
999 _c9515
_d9516